[Event "ch-FRA Blitz Online Qual"]
[Site "Europe-Chess INT"]
[Date "2020.05.16"]
[Round "11"]
[White "Valles Moreno, Ivan"]
[Black "Szajbely, Zsigmond"]
[Result "1-0"]
[WhiteTitle "IM"]
[BlackTitle "FM"]
[WhiteElo "2417"]
[BlackElo "2260"]
[WhiteFideId "2205688"]
[BlackFideId "711691"]
[EventDate "2020.05.16"]

1. Nf3 g6 2. d4 Nf6 3. c4 c5 4. Nc3 cxd4 5. Nxd4 Nc6 6. e4 d6 7. Be2 Bg7 8. Be3
O-O 9. O-O a5 10. Ndb5 Be6 11. f3 Nd7 12. Rb1 Nb6 13. b3 f5 14. exf5 Rxf5 15.
Qd2 a4 16. Rfd1 axb3 17. axb3 Nd7 18. f4 Rf7 19. Bf3 Na5 20. Nd5 Bf5 21. Nbc7
Bxb1 22. Rxb1 Nc5 23. Nxa8 Qxa8 24. Nc7 Qa7 25. Bd5 Naxb3 26. Bxf7+ Kxf7 27.
Qd5+ e6 28. Nxe6 Nxe6 29. Bxa7 Nc5 30. Bxc5 dxc5 31. Rxb7+ Kf6 32. Qe5# 1-0

[Event "ch-FRA Blitz Online Qual"]
[Site "Europe-Chess INT"]
[Date "2020.05.16"]
[Round "11"]
[White "Buksa, Nataliya"]
[Black "Riff, Vincent"]
[Result "0-1"]
[WhiteTitle "IM"]
[BlackTitle "FM"]
[WhiteElo "2410"]
[BlackElo "2405"]
[WhiteFideId "14123622"]
[BlackFideId "617776"]
[EventDate "2020.05.16"]

1. d4 Nf6 2. Nc3 d5 3. Bf4 e6 4. e3 Bd6 5. Qf3 Nc6 6. Bd3 a6 7. g4 e5 8. dxe5
Nxe5 9. Bxe5 Bxe5 10. g5 Ne4 11. Bxe4 Bxc3+ 12. bxc3 dxe4 13. Qxe4+ Be6 14. Rd1
Qxg5 15. Nf3 Qf6 16. Nd4 O-O 17. Rg1 Rae8 18. Qxb7 c5 19. Nxe6 Qxc3+ 20. Rd2
Rxe6 21. Rg5 Rxe3+ 22. fxe3 Qxe3+ 23. Re2 Qc1+ 24. Kf2 Qxg5 25. Qxa6 h6 26. Qc4
Rd8 27. h4 Qf5+ 28. Kg2 Rd4 29. Re8+ Kh7 30. Qe2 Rg4+ 31. Kh2 Rxh4+ 32. Kg3 Qh3+
33. Kf2 Rf4+ 34. Ke1 Qg3+ 35. Kd2 Rf2 36. Qxf2 Qxf2+ 37. Re2 Qd4+ 38. Kc1 Qa1+
39. Kd2 Qxa2 0-1

[Event "ch-FRA Blitz Online Qual"]
[Site "Europe-Chess INT"]
[Date "2020.05.16"]
[Round "11"]
[White "Colin, Vincent"]
[Black "Barseghyan, Harutyun"]
[Result "1/2-1/2"]
[WhiteTitle "IM"]
[BlackTitle "IM"]
[WhiteElo "2372"]
[BlackElo "2463"]
[WhiteFideId "612324"]
[BlackFideId "13304585"]
[EventDate "2020.05.16"]

1. e4 e6 2. d3 d5 3. Nd2 Nf6 4. Ngf3 g6 5. g3 Bg7 6. Bg2 O-O 7. O-O c5 8. Re1
Nc6 9. c3 b6 10. e5 Nd7 11. d4 a5 12. Nf1 Ba6 13. Bg5 Qc7 14. Qd2 Rfc8 15. Rac1
Qb7 16. h4 cxd4 17. cxd4 Nb4 18. a3 Rxc1 19. Rxc1 Nc6 20. h5 Rc8 21. Bh6 Bh8 22.
hxg6 hxg6 23. Qf4 Ne7 24. Rxc8+ Qxc8 25. g4 Nc6 26. Ng5 Nd8 27. Ne3 Qc1+ 28. Kh2
Qxb2 29. Bxd5 Nxe5 30. Bxe6 Nxe6 31. Nxe6 fxe6 32. Qf8+ Kh7 33. g5 Qxd4 34. Qe7+
Kg8 35. Qxe6+ Kh7 36. Qe7+ Kg8 37. Qe6+ Kh7 38. Qe7+ Kg8 39. Qe6+ 1/2-1/2

[Event "ch-FRA Blitz Online Qual"]
[Site "Europe-Chess INT"]
[Date "2020.05.16"]
[Round "11"]
[White "Jolly, Jean-Francois"]
[Black "Degardin, Sylvain"]
[Result "1/2-1/2"]
[WhiteTitle "IM"]
[WhiteElo "2378"]
[BlackElo "2267"]
[WhiteFideId "634751"]
[BlackFideId "20623070"]
[EventDate "2020.05.16"]

1. e4 c5 2. Nf3 d6 3. c3 Nf6 4. h3 Nbd7 5. Bd3 b6 6. Bc2 Bb7 7. d3 Rc8 8. O-O
Qc7 9. a3 g6 10. b4 Bg7 11. Re1 O-O 12. b5 e5 13. a4 d5 14. Nbd2 Rfd8 15. Qe2 c4
16. dxc4 dxe4 17. Nxe4 Nxe4 18. Bxe4 Bxe4 19. Qxe4 Qxc4 20. Qxc4 Rxc4 21. Bb2
Rdc8 22. Rad1 Nc5 23. Nxe5 Bxe5 24. Rxe5 Nxa4 25. Bc1 Nxc3 26. Rd7 Ne2+ 27. Rxe2
Rxc1+ 28. Kh2 R8c7 29. Ree7 Rxd7 30. Rxd7 Rc5 31. Rxa7 Rxb5 32. Rb7 Rb1 33. h4
h5 34. g3 Kg7 35. Kg2 b5 36. Rb6 Kf8 37. Kf3 Ke7 38. Ke2 b4 39. Kf3 Kd7 40. Rb7+
Ke6 41. Kg2 b3 42. Kf3 f6 43. Rb6+ Ke5 44. Kg2 b2 45. Rb5+ Kd4 46. Rb8 Kc3 47.
Rc8+ Kd3 48. Rb8 g5 49. hxg5 fxg5 50. Rb7 h4 51. gxh4 gxh4 52. Rb8 h3+ 53. Kh2
Ke4 54. Rb7 Kf3 55. Rb8 Kxf2 56. Rb7 Ke2 57. Rb8 Kd2 58. Rb7 Kc2 59. Rc7+ Kd3
60. Rb7 Kc4 61. Rb8 Kd4 62. Rb7 Ke4 63. Rb8 Kf4 64. Rb7 Ke4 65. Rb8 Kf4 66. Rb7
Kg4 67. Rb8 Kf3 68. Rb7 Rf1 69. Rxb2 Rf2+ 70. Rxf2+ Kxf2 71. Kxh3 1/2-1/2

[Event "ch-FRA Blitz Online Qual"]
[Site "Europe-Chess INT"]
[Date "2020.05.16"]
[Round "11"]
[White "Devallee, Jeremie"]
[Black "Droin, Augustin"]
[Result "0-1"]
[WhiteTitle "FM"]
[BlackTitle "FM"]
[WhiteElo "2230"]
[BlackElo "2313"]
[WhiteFideId "665240"]
[BlackFideId "45105987"]
[EventDate "2020.05.16"]

1. e4 c5 2. d4 cxd4 3. c3 dxc3 4. Nxc3 Nc6 5. Nf3 d6 6. Bc4 a6 7. O-O Nf6 8. Bf4
e6 9. Qe2 Be7 10. Rfd1 Qc7 11. Rac1 O-O 12. Bb3 e5 13. Bg5 Bg4 14. Nd5 Nxd5 15.
exd5 Bxg5 16. dxc6 Bxc1 17. Rxc1 bxc6 18. Bd5 Qa5 19. Bb3 Rac8 20. h3 Bxf3 21.
Qxf3 d5 22. Qg4 Qd2 23. Rc3 f5 24. Qh5 Qe1+ 25. Kh2 Qxf2 26. Rf3 Qd2 27. Rf1 Kh8
28. Rd1 Qf4+ 29. Kh1 e4 30. Qe2 Rcd8 31. Rf1 Qe5 32. Qxa6 d4 33. Qxc6 e3 34. Qf3
d3 35. Re1 e2 36. g3 Qa5 37. Qf2 d2 38. Rxe2 d1=Q+ 39. Bxd1 Rxd1+ 40. Kh2 Qd5
41. Qg2 Qxg2+ 42. Kxg2 h6 43. b3 Ra1 44. h4 f4 45. gxf4 Rxf4 46. h5 Rf5 47. Rb2
Rxh5 48. a4 Ra3 49. Rb1 Rg5+ 50. Kf2 Rg6 51. Ke2 Rb6 0-1

[Event "ch-FRA Blitz Online Qual"]
[Site "Europe-Chess INT"]
[Date "2020.05.16"]
[Round "11"]
[White "Sochacki, Wojtek"]
[Black "Papadiamandis, Elliot"]
[Result "0-1"]
[WhiteTitle "IM"]
[WhiteElo "2320"]
[BlackElo "2269"]
[WhiteFideId "651389"]
[BlackFideId "36074160"]
[EventDate "2020.05.16"]

1. e4 c5 2. Nf3 d6 3. d4 Nf6 4. Bb5+ Bd7 5. Bxd7+ Qxd7 6. dxc5 Nxe4 7. cxd6 Nxd6
8. O-O Nc6 9. b3 e6 10. Bb2 Rd8 11. Nbd2 f6 12. Re1 e5 13. Nh4 Be7 14. Qh5+ Nf7
15. Ne4 O-O 16. Nf5 g6 17. Nxe7+ Qxe7 18. Qf3 Kg7 19. h4 Nd4 20. Bxd4 Rxd4 21.
c3 Rd7 22. Rad1 Rfd8 23. Rxd7 Rxd7 24. Rd1 Rxd1+ 25. Qxd1 f5 26. Ng3 Qd6 27.
Qxd6 Nxd6 28. c4 Kf6 29. Kf1 e4 30. Ne2 Ke5 31. Ke1 a5 32. Kd2 b5 33. cxb5 Nxb5
34. g3 h6 35. Ke3 g5 36. hxg5 hxg5 37. Kd2 f4 38. gxf4+ gxf4 39. Nc3 e3+ 40.
fxe3 fxe3+ 41. Kxe3 Nxc3 42. a3 Nb5 43. Kd3 Kd5 44. a4 Nd6 45. Kc3 Ne4+ 46. Kd3
Nd6 47. Kc3 Kc5 48. b4+ axb4+ 49. Kb3 Nb7 50. Ka2 Na5 51. Kb2 Kc4 52. Kc2 b3+
53. Kb2 Kb4 54. Kb1 Kxa4 55. Kc1 Ka3 56. Kb1 b2 57. Kc2 Ka2 58. Kc3 b1=Q 0-1

[Event "ch-FRA Blitz Online Qual"]
[Site "Europe-Chess INT"]
[Date "2020.05.16"]
[Round "11"]
[White "Massiani, Xavier"]
[Black "Dourerassou, Jonathan"]
[Result "0-1"]
[BlackTitle "GM"]
[WhiteElo "1781"]
[BlackElo "2477"]
[WhiteFideId "45145059"]
[BlackFideId "628050"]
[EventDate "2020.05.16"]

1. e4 e6 2. d4 d5 3. Nc3 dxe4 4. Nxe4 Nd7 5. Nf3 Ngf6 6. Bg5 Be7 7. Nxf6+ Nxf6
8. Bd3 c5 9. dxc5 Qa5+ 10. c3 Qxc5 11. O-O O-O 12. Qe2 Bd7 13. Ne5 Rfd8 14. Rfd1
Be8 15. Bxf6 Bxf6 16. Ng4 Be7 17. Ne3 Bc6 18. Qg4 Qe5 19. Qh3 h5 20. Nc4 Qg5 21.
Re1 Rxd3 22. f4 Qc5+ 0-1

[Event "ch-FRA Blitz Online Qual"]
[Site "Europe-Chess INT"]
[Date "2020.05.16"]
[Round "11"]
[White "Edouard, Romain"]
[Black "Kirk, Ezra"]
[Result "1-0"]
[WhiteTitle "GM"]
[BlackTitle "IM"]
[WhiteElo "2649"]
[BlackElo "2447"]
[WhiteFideId "633429"]
[BlackFideId "600067"]
[EventDate "2020.05.16"]

1. c4 Nf6 2. g3 g6 3. Bg2 Bg7 4. Nc3 O-O 5. d4 d6 6. Nf3 Nc6 7. O-O Bf5 8. Ne1
Bd7 9. e4 e5 10. d5 Nd4 11. Nc2 Nxc2 12. Qxc2 a5 13. b3 Nh5 14. Qe2 Qe8 15. Nb5
Bxb5 16. cxb5 f5 17. Ba3 f4 18. b6 Qd7 19. bxc7 Qxc7 20. Rac1 Qb6 21. Qg4 fxg3
22. hxg3 Rf6 23. Rc8+ Rxc8 24. Qxc8+ Bf8 25. Qc3 Rf7 26. Bh3 Ng7 27. Kg2 Kh8 28.
f3 Rc7 29. Qd2 Nh5 30. f4 Bh6 31. Qf2 Qxf2+ 32. Rxf2 exf4 33. Bxd6 fxg3 34. Be5+
Kg8 35. Be6+ 1-0

[Event "ch-FRA Blitz Online Qual"]
[Site "Europe-Chess INT"]
[Date "2020.05.16"]
[Round "11"]
[White "Vaisser, Anatoly"]
[Black "Vlachos, Anatole"]
[Result "1/2-1/2"]
[WhiteTitle "GM"]
[BlackTitle "IM"]
[WhiteElo "2504"]
[BlackElo "2401"]
[WhiteFideId "603252"]
[BlackFideId "26093189"]
[EventDate "2020.05.16"]

1. d4 f5 2. Bg5 h6 3. Bh4 g5 4. e3 Nf6 5. Bg3 d6 6. h4 Rg8 7. hxg5 hxg5 8. Nc3
e6 9. Bd3 Nc6 10. f3 Bd7 11. Nge2 Qe7 12. a3 O-O-O 13. Qd2 Bg7 14. Bc4 Rh8 15.
O-O-O e5 16. d5 Nb8 17. Nb5 Bxb5 18. Bxb5 a6 19. Bc4 Nbd7 20. Qb4 Nb6 21. Bb3
Rxh1 22. Rxh1 Nfxd5 23. Qd2 Nf6 24. Bf2 d5 25. Qa5 g4 26. Nc3 gxf3 27. gxf3 e4
28. f4 Ng4 29. Bh4 Bf6 30. Bxf6 Qxf6 31. Nxd5 Nxd5 32. Bxd5 Nxe3 33. Bb3 Qd6 34.
Kb1 Qxf4 35. Rh7 Qd6 36. Ka2 Kb8 37. Rf7 f4 38. Qg5 Nd5 39. Bxd5 Qxd5+ 40. Qxd5
Rxd5 41. Rxf4 Re5 42. Kb3 e3 43. Rf1 c5 44. Kc3 Kc7 45. Kd3 Kd6 46. Re1 Kd5 47.
c4+ Ke6 48. Rxe3 Rxe3+ 49. Kxe3 Ke5 50. b4 b6 51. Kd3 Kf4 52. Kc3 Ke4 53. b5 a5
54. Kb3 Kd4 55. Ka4 Kxc4 1/2-1/2

[Event "ch-FRA Blitz Online Qual"]
[Site "Europe-Chess INT"]
[Date "2020.05.16"]
[Round "11"]
[White "Bailet, Pierre"]
[Black "Daulyte-Cornette, Deimante"]
[Result "1-0"]
[WhiteTitle "IM"]
[BlackTitle "IM"]
[WhiteElo "2500"]
[BlackElo "2400"]
[WhiteFideId "655830"]
[BlackFideId "12802859"]
[EventDate "2020.05.16"]

1. e4 Nf6 2. e5 Nd5 3. d4 d6 4. Nf3 dxe5 5. Nxe5 c6 6. Bc4 Bf5 7. O-O Nd7 8. Nf3
e6 9. Re1 Bd6 10. Nc3 Nxc3 11. bxc3 O-O 12. h3 h6 13. Rb1 Qc7 14. Bd3 Bxd3 15.
Qxd3 Nf6 16. c4 c5 17. Bb2 cxd4 18. Nxd4 a6 19. Nb3 Be7 20. Be5 Qc8 21. Na5 Rd8
22. Qf3 b5 23. Nc6 Rd7 24. Nxe7+ Rxe7 25. Bxf6 gxf6 26. Qxf6 Rc7 27. cxb5 axb5
28. Rb3 Rxa2 29. Qxh6 f5 30. Qg6+ Rg7 31. Qxe6+ Qxe6 32. Rxe6 Rxc2 33. Rxb5 Rc1+
34. Kh2 f4 35. Rf5 Rc4 36. Ref6 Rd4 37. Rxf4 Rd8 38. Rg4 Rxg4 39. hxg4 Kg7 40.
Rf5 Kg6 41. Kg3 Rd3+ 42. f3 Rd2 43. Ra5 Rc2 44. Ra6+ Kg7 45. f4 Rb2 46. g5 Rc2
47. Kf3 Kf7 48. g3 Kg7 49. Kg4 Rc4 50. Kh5 Rc3 51. Ra7+ Kg8 52. f5 Rxg3 53. Kg6
Kf8 54. f6 Ke8 55. f7+ 1-0

[Event "ch-FRA Blitz Online Qual"]
[Site "Europe-Chess INT"]
[Date "2020.05.16"]
[Round "11"]
[White "Riff, Jean-Noel"]
[Black "Le Goff, Ronan"]
[Result "1-0"]
[WhiteTitle "GM"]
[BlackTitle "FM"]
[WhiteElo "2504"]
[BlackElo "2267"]
[WhiteFideId "611190"]
[BlackFideId "612073"]
[EventDate "2020.05.16"]

1. e4 e5 2. Nf3 Nc6 3. Bb5 a6 4. Ba4 d6 5. O-O Bd7 6. d4 g6 7. d5 Nce7 8. c4 b5
9. Bb3 Bg7 10. Nc3 h6 11. cxb5 axb5 12. Bc2 Nf6 13. h3 O-O 14. Be3 Kh7 15. a4
bxa4 16. Bxa4 Bxa4 17. Rxa4 Qd7 18. Rc4 Rfb8 19. Qc2 Ne8 20. b4 f5 21. exf5 gxf5
22. Rd1 Kg8 23. Nh4 f4 24. Bc1 Nf6 25. Ng6 Nf5 26. Ne4 Nxe4 27. Qxe4 Ne7 28.
Nxe7+ Qxe7 29. Bxf4 Ra2 30. Be3 Qf7 31. Rdc1 Rb7 32. Qg4 Ra8 33. Bxh6 Kh7 34.
Bxg7 Qxg7 35. Qxg7+ Kxg7 36. Rxc7+ 1-0

[Event "ch-FRA Blitz Online Qual"]
[Site "Europe-Chess INT"]
[Date "2020.05.16"]
[Round "11"]
[White "Loiseau, Quentin"]
[Black "Kurmann, Oliver"]
[Result "0-1"]
[WhiteTitle "IM"]
[BlackTitle "IM"]
[WhiteElo "2457"]
[BlackElo "2430"]
[WhiteFideId "665274"]
[BlackFideId "1308173"]
[EventDate "2020.05.16"]

1. e4 c5 2. Nf3 e6 3. d4 cxd4 4. Nxd4 Nf6 5. Nc3 Nc6 6. Ndb5 d6 7. Bf4 e5 8. Bg5
a6 9. Na3 b5 10. Nd5 Be7 11. Bxf6 Bxf6 12. c4 b4 13. Nc2 O-O 14. g3 a5 15. Bg2
Bg5 16. O-O Be6 17. Qd3 Qb8 18. b3 Kh8 19. Kh1 Bd8 20. f4 f6 21. f5 Bf7 22. g4
Bb6 23. h4 Bxd5 24. exd5 Nd4 25. Be4 Nxc2 26. Qxc2 Bd4 27. Rae1 a4 28. g5 axb3
29. axb3 Ra3 30. Rf3 Qa7 31. Re2 fxg5 32. hxg5 Qf7 33. Rh3 Kg8 34. Re1 Rfa8 35.
Rxh7 Ra2 0-1

[Event "ch-FRA Blitz Online Qual"]
[Site "Europe-Chess INT"]
[Date "2020.05.16"]
[Round "11"]
[White "Milliet, Sophie"]
[Black "Wirig, Anthony"]
[Result "0-1"]
[WhiteTitle "IM"]
[BlackTitle "GM"]
[WhiteElo "2401"]
[BlackElo "2499"]
[WhiteFideId "623725"]
[BlackFideId "615013"]
[EventDate "2020.05.16"]

1. e4 e6 2. d4 d5 3. Nc3 Bb4 4. exd5 Qxd5 5. Nf3 Nf6 6. Bd3 b6 7. O-O Bxc3 8.
bxc3 Bb7 9. c4 Qd7 10. c5 Nc6 11. cxb6 axb6 12. Bb5 O-O 13. Bf4 Nd5 14. Bd2 Qc8
15. c4 Nde7 16. Bg5 h6 17. Bh4 Nf5 18. Bg3 Nce7 19. Ne5 Rd8 20. d5 c6 21. Ba4
cxd5 22. Bc2 dxc4 23. Qh5 g6 24. Qg4 Rd4 25. f4 Ne3 26. Qe2 Nxc2 27. Qxc2 Nf5
28. Rf2 Qc5 29. Ng4 h5 30. Ne5 Qd5 0-1

[Event "ch-FRA Blitz Online Qual"]
[Site "Europe-Chess INT"]
[Date "2020.05.16"]
[Round "11"]
[White "Suarez Real, Alberto"]
[Black "Muminova, Nafisa"]
[Result "1-0"]
[WhiteTitle "IM"]
[BlackTitle "WGM"]
[WhiteElo "2448"]
[BlackElo "2274"]
[WhiteFideId "2218534"]
[BlackFideId "14201526"]
[EventDate "2020.05.16"]

1. e4 e6 2. d4 d5 3. Nd2 c5 4. Ngf3 Nc6 5. exd5 Qxd5 6. Bc4 Qd7 7. dxc5 Bxc5 8.
Qe2 Nf6 9. Nb3 Bd6 10. Bg5 Qc7 11. O-O-O Be7 12. Kb1 a6 13. Nbd4 O-O 14. Nxc6
bxc6 15. Ne5 Rb8 16. h4 Ba3 17. Bb3 Be7 18. Bf4 Nd5 19. Bxd5 cxd5 20. Ng6 Bd6
21. Bxd6 Qxd6 22. Nxf8 Kxf8 23. Rh3 Bd7 24. Rb3 Bb5 25. Qe3 a5 26. Qg3 e5 27. a3
f6 28. Qc3 a4 29. Qb4 Ke7 30. Qxd6+ Kxd6 31. Rb4 Kc5 32. f3 Rc8 33. Rd2 f5 34.
Kc1 g6 35. c3 e4 36. fxe4 fxe4 37. Rbd4 Bd3 38. R2xd3 exd3 39. Rxa4 Re8 40. Rd4
Re2 41. g3 Rg2 42. Rxd3 h6 43. a4 g5 44. hxg5 hxg5 45. a5 g4 46. a6 Kb6 47. Rxd5
Rxg3 48. Rd6+ Ka7 49. Rg6 Rg2 50. Kb1 g3 51. Ka2 Rg1 52. Kb3 g2 53. c4 Kb8 54.
Kb4 Ka7 55. Kb5 Rf1 56. Rg7+ Ka8 57. Rxg2 Rf5+ 58. c5 Rf8 59. Rg6 Rb8+ 60. Rb6
Rc8 61. b4 Ka7 62. Rh6 Rf8 63. Rh7+ Ka8 64. Ka5 Re8 65. b5 Rc8 66. c6 Rb8 67. b6
Rf8 68. Ra7+ Kb8 69. c7+ Kc8 70. Ra8+ Kd7 71. Rxf8 1-0

[Event "ch-FRA Blitz Online Qual"]
[Site "Europe-Chess INT"]
[Date "2020.05.16"]
[Round "11"]
[White "Batsiashvili, Nino"]
[Black "Polivanov, Anatoliy"]
[Result "0-1"]
[WhiteTitle "GM"]
[BlackTitle "IM"]
[WhiteElo "2457"]
[BlackElo "2452"]
[WhiteFideId "13602993"]
[BlackFideId "14109468"]
[EventDate "2020.05.16"]

1. d4 e6 2. Nf3 f5 3. g3 Nf6 4. Bg2 g6 5. O-O Bg7 6. c4 O-O 7. Nc3 d6 8. Qc2 Nc6
9. e4 e5 10. dxe5 dxe5 11. exf5 Bxf5 12. Qb3 Rb8 13. Bg5 Nd4 14. Nxd4 exd4 15.
c5+ Kh8 16. Nd5 Be6 17. Bxf6 Bxf6 18. Qf3 Bg7 19. Qe4 Bf5 20. Qe2 d3 21. Qd2 c6
22. Ne3 Qd4 23. Nxf5 Rxf5 24. Rad1 Rd8 25. b4 a5 26. a3 axb4 27. axb4 Re5 28.
Rfe1 Rxe1+ 29. Rxe1 Qc3 30. Qxc3 Bxc3 31. Rb1 d2 32. Bf3 Re8 33. Kg2 Re1 34. Bd1
Kg7 35. h4 Kf6 36. g4 Ke5 37. Kf3 Kd4 38. Kg2 Kd3 39. f4 Rxd1 40. Rxd1 Ke2 41.
Rxd2+ Bxd2 42. f5 gxf5 43. gxf5 Bxb4 44. f6 Bxc5 45. f7 b5 46. Kg3 b4 47. Kg4 b3
48. Kh5 b2 49. Kh6 b1=Q 50. Kg7 Qg6+ 51. Kh8 Bd4# 0-1

[Event "ch-FRA Blitz Online Qual"]
[Site "Europe-Chess INT"]
[Date "2020.05.16"]
[Round "11"]
[White "Barbot, Pierre1"]
[Black "Gatineau, Yovann"]
[Result "1/2-1/2"]
[WhiteTitle "IM"]
[BlackTitle "FM"]
[WhiteElo "2443"]
[BlackElo "2423"]
[WhiteFideId "663727"]
[BlackFideId "26028999"]
[EventDate "2020.05.16"]

1. d4 f5 2. c4 Nf6 3. Nc3 e6 4. Nf3 Bb4 5. Qb3 Bxc3+ 6. Qxc3 O-O 7. Bf4 b6 8. e3
Bb7 9. Be2 d6 10. O-O Nbd7 11. h3 Ne4 12. Qc2 g5 13. Bh2 g4 14. hxg4 fxg4 15.
Nd2 g3 16. Nxe4 gxh2+ 17. Kh1 Qh4 18. d5 e5 19. Bd3 Nf6 20. Nxf6+ Rxf6 21. Bf5
Raf8 22. e4 Kh8 23. Qd3 Bc8 24. Bxc8 Rxc8 25. f3 Rg8 26. Qe3 Rfg6 27. Rf2 Qg3
28. Rc2 h5 29. Qf2 h4 30. Rf1 Qf4 31. b3 Rg3 32. Qd2 h3 33. Qxf4 exf4 34. Rff2
hxg2+ 35. Rxg2 Rxf3 36. Kxh2 Re3 37. Rcf2 Rxe4 38. Rxg8+ Kxg8 39. Kg2 Kf7 40.
Kf3 Rd4 41. Kg4 Ke7 42. Rxf4 Rd2 43. a4 Rd3 44. Rf3 Rd4+ 45. Kf5 Rh4 46. Rg3 Kd7
47. Rg7+ Kc8 48. Rg3 a5 49. Kg5 Re4 50. Rf3 Kb7 51. Kf5 Re1 52. Kf4 Re5 53. Re3
Rh5 54. Ke4 Re5+ 55. Kd4 Rh5 56. Kc3 Rh1 57. Re2 Rh3+ 58. Kc2 Rg3 59. Rd2 Rh3
60. Rd3 Rh1 61. Kc3 Rc1+ 62. Kb2 Rh1 63. Rg3 Rh2+ 64. Ka3 Rh1 65. Rg2 Rb1 66.
Rb2 Rg1 67. Ra2 Kc8 68. Rf2 Rb1 69. Ka2 Rh1 70. Kb2 Rh3 71. Rc2 Kd7 72. Rd2 Ke7
73. Kc2 Rg3 74. Re2+ Kd7 75. Rd2 Ke7 76. Rd3 Rxd3 77. Kxd3 Kf6 78. Ke4 Kg5 79.
Ke3 Kf5 80. Kf3 Ke5 81. Ke3 Kf5 82. Kf3 Ke5 83. Ke3 Kf5 1/2-1/2

[Event "ch-FRA Blitz Online Qual"]
[Site "Europe-Chess INT"]
[Date "2020.05.16"]
[Round "11"]
[White "Choukri, Adel"]
[Black "Travadon, Loic"]
[Result "0-1"]
[WhiteTitle "FM"]
[BlackTitle "IM"]
[WhiteElo "2311"]
[BlackElo "2431"]
[WhiteFideId "9000399"]
[BlackFideId "26092131"]
[EventDate "2020.05.16"]

1. e4 c5 2. Nf3 e6 3. d4 cxd4 4. Nxd4 Nf6 5. Nc3 Nc6 6. Nxc6 bxc6 7. e5 Nd5 8.
Ne4 Qc7 9. f4 Qb6 10. Qf3 f5 11. exf6 Nxf6 12. Nxf6+ gxf6 13. Qh5+ Kd8 14. Qf7
Be7 15. Qg7 Re8 16. Qxh7 e5 17. Bc4 d5 18. Bb3 exf4 19. Bd2 Bb4+ 20. Kd1 Bg4+
21. Kc1 Bxd2+ 22. Kxd2 Qe3# 0-1

[Event "ch-FRA Blitz Online Qual"]
[Site "Europe-Chess INT"]
[Date "2020.05.16"]
[Round "11"]
[White "Guezennec, Franck"]
[Black "Nasuta, Grzegorz"]
[Result "1-0"]
[BlackTitle "GM"]
[WhiteElo "2272"]
[BlackElo "2558"]
[WhiteFideId "633550"]
[BlackFideId "1141686"]
[EventDate "2020.05.16"]

1. e4 c5 2. Nf3 e6 3. b3 b6 4. Bb2 Bb7 5. Qe2 Nc6 6. g3 Rc8 7. Bg2 a6 8. O-O d6
9. c4 Nf6 10. d4 cxd4 11. Nxd4 Be7 12. Nd2 O-O 13. Rad1 Qc7 14. h3 Rfe8 15. Kh2
Nxd4 16. Bxd4 Nd7 17. f4 Bf6 18. Bxf6 Nxf6 19. g4 Nd7 20. g5 b5 21. Rc1 Qb6 22.
h4 Rc7 23. h5 Rec8 24. h6 g6 25. Rcd1 Qc5 26. Qd3 f6 27. Nf3 bxc4 28. bxc4 Qxc4
29. Qxd6 Bxe4 30. Rc1 Qd5 31. Qe7 Nc5 32. Qxf6 Rf7 33. Qb2 Rcf8 34. Rfd1 Nd3 35.
Rxd3 Bxd3 36. Ne5 Qd6 37. Rc6 Qb8 38. Qxb8 Rxb8 39. Nxf7 Kxf7 40. Rc7+ Kg8 41.
Rg7+ Kh8 42. Re7 Bc4 43. a4 Kg8 44. Bh3 Rb2+ 45. Kg3 Rb3+ 46. Kh4 Rb4 47. Rg7+
Kh8 48. Rc7 Kg8 49. Rxc4 1-0

[Event "ch-FRA Blitz Online Qual"]
[Site "Europe-Chess INT"]
[Date "2020.05.16"]
[Round "11"]
[White "Bijaoui, Manuel"]
[Black "Le Huec, Marc"]
[Result "1-0"]
[WhiteTitle "IM"]
[WhiteElo "2411"]
[BlackElo "2213"]
[WhiteFideId "626783"]
[BlackFideId "624829"]
[EventDate "2020.05.16"]

1. e4 c5 2. Nf3 Nc6 3. Bb5 d6 4. O-O Bd7 5. c3 Nf6 6. Re1 a6 7. Ba4 b5 8. Bc2
Bg4 9. h3 Bxf3 10. Qxf3 g6 11. a4 b4 12. Qd1 Bh6 13. d3 Bxc1 14. Qxc1 O-O 15.
Nd2 bxc3 16. bxc3 Qa5 17. Bb3 Rab8 18. Nc4 Qc7 19. Ba2 Kg7 20. Qe3 Na5 21. e5
dxe5 22. Qxe5 Qxe5 23. Rxe5 Nd7 24. Rxe7 Nxc4 25. Bxc4 Nb6 26. Bxa6 Nd5 27. Rd7
Nxc3 28. a5 Rfd8 29. Rxd8 Rxd8 30. Bc4 Ne2+ 31. Kf1 Nd4 32. a6 Nc6 33. Ra2 Kf6
34. a7 Ra8 35. Ra6 1-0

[Event "ch-FRA Blitz Online Qual"]
[Site "Europe-Chess INT"]
[Date "2020.05.16"]
[Round "11"]
[White "Song, Julien"]
[Black "Bujisho, Benjamin"]
[Result "0-1"]
[WhiteTitle "IM"]
[BlackTitle "IM"]
[WhiteElo "2306"]
[BlackElo "2290"]
[WhiteFideId "659487"]
[BlackFideId "608610"]
[EventDate "2020.05.16"]

1. d4 d6 2. e4 g6 3. Nc3 a6 4. Be3 b5 5. Qd2 Nd7 6. f3 Nb6 7. b3 Bg7 8. Nge2 Nf6
9. g4 O-O 10. h4 h5 11. g5 Nfd7 12. f4 c5 13. Bg2 Bb7 14. O-O cxd4 15. Nxd4 e5
16. Nf5 gxf5 17. exf5 b4 18. Bxb7 bxc3 19. Qg2 Rb8 20. f6 Nxf6 21. gxf6 Qxf6 22.
Bxb6 Kh8 23. fxe5 Qe7 24. Rf5 Qxb7 25. Rxh5+ Kg8 26. Bd4 Qxg2+ 27. Kxg2 Rfe8 28.
Re1 dxe5 29. Bxc3 Rbc8 30. Re3 f6 31. Kf3 Re6 32. Ke4 Rec6 33. Bb4 Rxc2 34. Rf5
Kf7 35. a4 Ke6 36. Ref3 Rh8 37. h5 Rh2 38. Bc3 R8xh5 39. b4 R5h4+ 40. Ke3 R2h3
41. Rxh3 Rxh3+ 42. Rf3 Rxf3+ 43. Kxf3 Kd5 44. b5 axb5 45. axb5 f5 46. b6 Kc6 47.
Kg3 Kxb6 48. Kh4 Kc6 49. Kg5 f4 50. Kf5 Kd5 51. Bd2 f3 52. Be3 e4 53. Kg4 Bd4 0-1

[Event "ch-FRA Blitz Online Qual"]
[Site "Europe-Chess INT"]
[Date "2020.05.16"]
[Round "11"]
[White "Bouget, Alexandre"]
[Black "Glek, Igor"]
[Result "0-1"]
[WhiteTitle "FM"]
[BlackTitle "GM"]
[WhiteElo "2238"]
[BlackElo "2475"]
[WhiteFideId "681318"]
[BlackFideId "4100484"]
[EventDate "2020.05.16"]

1. d4 e6 2. c4 Bb4+ 3. Nc3 Bxc3+ 4. bxc3 f5 5. e4 fxe4 6. Qh5+ g6 7. Qe5 Nf6 8.
Bg5 O-O 9. Nh3 d6 10. Bxf6 Qxf6 11. Qxe4 e5 12. g4 Nc6 13. d5 Na5 14. Bg2 b6 15.
O-O Nb7 16. f4 Nc5 17. Qe2 Qh4 18. fxe5 Bxg4 19. Qe3 dxe5 20. Nf2 Bf5 21. d6
cxd6 22. Bxa8 Rxa8 23. Rad1 Rd8 24. Qg3 Qxc4 25. Nh3 Qg4 26. Rf2 Qxh3 0-1